000 00407nam a2200109Ia 4500
008 160909s9999 xx 000 0 und d
100 _aGonzalez, Kiara
245 _aMano a mano: Uniting families of siblings with ASD hand in hand: A grant writing project
260 _bCalifornia State University, Long Beach
_c2016
650 _aMASS COM
856 _uhttp://pqdtopen.proquest.com/doc/1776463395.html?FMT=ABS
999 _c304269
_d304269